[Event "4NCL 2023-24"]
[Site "England ENG"]
[Date "2024.03.17"]
[Round "8.3"]
[Board "7"]
[White "Murawski, Jan"]
[Black "Toma, Katarzyna"]
[Result "0-1"]
[BlackTitle "WGM"]
[WhiteElo "1981"]
[BlackElo "2201"]
[WhiteTeam "Oxford 1"]
[BlackTeam "Wood Green"]
[WhiteFideId "21009287"]
[BlackFideId "1119907"]
[EventDate "2023.11.11"]

1. d4 Nf6 2. c4 e6 3. Nc3 Bb4 4. Nf3 b6 5. g3 Bb7 6. Bg2 O-O 7. O-O d5 8. cxd5
exd5 9. Ne5 Nbd7 10. Qb3 Bxc3 11. Nxd7 Qxd7 12. bxc3 Rfe8 13. Re1 Ba6 14. Qc2
Rac8 15. Bg5 Ne4 16. Bf4 c5 17. Qb2 cxd4 18. cxd4 Nc3 19. Bf3 Qb5 20. Qxb5 Bxb5
21. Kf1 Rc4 22. Be3 Ra4 23. Rec1 Ra3 24. Rxc3 Rxc3 25. Bxd5 Rd8 26. Bb3 Rcc8 27.
Ke1 Bc4 28. Kd2 f6 29. Rc1 Bxb3 30. Rxc8 Rxc8 31. axb3 Kf7 32. Kd3 a5 33. Bd2
Ke6 34. e4 Ra8 35. d5+ Kd6 36. Be3 b5 37. Kc3 g6 38. Bd4 f5 39. f3 Rc8+ 40. Kd2
a4 41. bxa4 bxa4 42. Bb2 Rb8 43. Ba3+ Ke5 44. exf5 gxf5 45. d6 Ke6 46. g4 f4 47.
g5 Rb3 48. g6 hxg6 49. d7 Kxd7 0-1

[Event "4NCL 2023-24"]
[Site "England ENG"]
[Date "2024.03.17"]
[Round "8.3"]
[Board "8"]
[White "Haydon, David L"]
[Black "Wilson, Edgar"]
[Result "1-0"]
[WhiteTitle "FM"]
[WhiteElo "2241"]
[BlackElo "1911"]
[WhiteTeam "Wood Green"]
[BlackTeam "Oxford 1"]
[WhiteFideId "415405"]
[BlackFideId "484296"]
[EventDate "2023.11.11"]

1. c4 e6 2. Nf3 d5 3. d4 Nf6 4. Nc3 Be7 5. Qc2 O-O 6. Bg5 h6 7. Bh4 b6 8. cxd5
exd5 9. e3 Bb7 10. Bd3 Nbd7 11. O-O c5 12. Rad1 Ne4 13. Nxe4 Bxh4 14. Nd6 Bc6
15. Bb5 Bxb5 16. Nxb5 Bf6 17. Qf5 Re8 18. Qxd5 cxd4 19. Nfxd4 Nc5 20. Qf3 Bxd4
21. Rxd4 Qe7 22. Nd6 Red8 23. Rfd1 Ne6 24. R4d2 Rab8 25. h4 b5 26. g3 Rb6 27.
Nf5 Qf8 28. Rxd8 Nxd8 29. Qa8 Ne6 30. Qxa7 Rb8 31. a3 Rd8 32. Rd5 Rxd5 33. Ne7+
Kh7 34. Nxd5 Qd6 35. e4 Kg8 36. Qa8+ Kh7 37. Qb7 Kg8 38. Qxb5 Nd4 39. Qe8+ Kh7
40. Qxf7 Kh8 41. Kg2 Qe5 42. Qf4 Qe6 43. Ne3 Qb3 44. Qe5 Ne2 45. Nf5 Qb7 46.
Nxh6 1-0

[Event "4NCL 2023-24"]
[Site "England ENG"]
[Date "2024.03.17"]
[Round "8.4"]
[Board "1"]
[White "Chow, Samuel"]
[Black "Van Dael, Siem"]
[Result "1/2-1/2"]
[WhiteTitle "FM"]
[BlackTitle "FM"]
[WhiteElo "2356"]
[BlackElo "2320"]
[WhiteTeam "Chessable White Rose 2"]
[BlackTeam "Cheddleton"]
[WhiteFideId "3202992"]
[BlackFideId "1049771"]
[EventDate "2023.11.11"]

1. d4 Nf6 2. c4 g6 3. Nc3 Bg7 4. e4 d6 5. Nf3 O-O 6. Be2 Bg4 7. Be3 Bxf3 8. Bxf3
e5 9. O-O Nc6 10. d5 Nd4 11. Bxd4 exd4 12. Qxd4 Nd7 13. Qd2 a5 14. Rac1 Nc5 15.
g3 Re8 16. Rfe1 h5 17. Bg2 Qf6 18. b3 Re7 19. Na4 Nxa4 1/2-1/2

[Event "4NCL 2023-24"]
[Site "England ENG"]
[Date "2024.03.17"]
[Round "8.4"]
[Board "2"]
[White "Boswell, Jacob Connor"]
[Black "Townsend, M Paul"]
[Result "1-0"]
[WhiteElo "2254"]
[BlackElo "2160"]
[WhiteTeam "Cheddleton"]
[BlackTeam "Chessable White Rose 2"]
[WhiteFideId "427110"]
[BlackFideId "402320"]
[EventDate "2023.11.11"]

1. d4 e6 2. c4 Nf6 3. Nf3 d5 4. Nc3 Be7 5. Bf4 O-O 6. e3 Nbd7 7. c5 c6 8. b4 Ne4
9. Nxe4 dxe4 10. Ne5 g5 11. Bg3 Nxe5 12. Bxe5 f6 13. Bg3 b6 14. Bc4 a5 15. a3
Qd7 16. h4 gxh4 17. Qg4+ Kh8 18. Qxh4 Rf7 19. O-O b5 20. Ba2 axb4 21. axb4 Ra4
22. Bb3 Rxb4 23. Bc2 Rg7 24. Qxe4 Bxc5 25. Ra8 Be7 26. Rfa1 Bd8 27. R1a7 Qxa7
28. Rxa7 Rxa7 29. Qxc6 Rc4 30. Qe8+ Kg7 31. Bd6 Rf7 32. Bxh7 Rc1+ 33. Kh2 Kxh7
34. Qxf7+ 1-0

[Event "4NCL 2023-24"]
[Site "England ENG"]
[Date "2024.03.17"]
[Round "8.4"]
[Board "3"]
[White "Carroll, Thomas"]
[Black "Kirk, Ezra"]
[Result "1/2-1/2"]
[BlackTitle "IM"]
[WhiteElo "2047"]
[BlackElo "2407"]
[WhiteTeam "Chessable White Rose 2"]
[BlackTeam "Cheddleton"]
[WhiteFideId "450111"]
[BlackFideId "600067"]
[EventDate "2023.11.11"]

1. d4 Nf6 2. Bg5 d5 3. e3 c5 4. Bxf6 gxf6 5. dxc5 e6 6. Nf3 Nc6 7. c4 dxc4 8.
Nbd2 c3 9. bxc3 Bxc5 10. Nd4 Bd7 11. Ne4 Bxd4 12. exd4 Qe7 13. Nc5 e5 14. Nxd7
exd4+ 15. Qe2 Kxd7 16. O-O-O Qc5 17. Qc4 Qxc4 18. Bxc4 Rac8 19. Kb2 Kc7 20. cxd4
Rhd8 21. Bxf7 Nxd4 22. Rd2 Nc6 23. Rhd1 Rxd2+ 24. Rxd2 Rf8 25. Bd5 Rd8 26. Kc3
b5 27. h4 a5 28. g4 b4+ 29. Kc2 Ne5 30. Be4 Rg8 31. f3 Nc4 32. Rd4 Nd6 33. Bd3
f5 34. gxf5 Rg2+ 35. Kb3 Nb7 36. Rd5 Kc6 37. Be4 Nc5+ 38. Kc4 Nxe4 39. fxe4 Rxa2
40. f6 Rc2+ 41. Kb3 Rc3+ 42. Kb2 Rf3 43. Rxa5 Kd6 44. Rh5 Ke6 45. Rxh7 Ke5 1/2-1/2

[Event "4NCL 2023-24"]
[Site "England ENG"]
[Date "2024.03.17"]
[Round "8.4"]
[Board "4"]
[White "Arkell, Keith C"]
[Black "Kueh, Audrey"]
[Result "1-0"]
[WhiteTitle "GM"]
[BlackTitle "WFM"]
[WhiteElo "2371"]
[BlackElo "2058"]
[WhiteTeam "Cheddleton"]
[BlackTeam "Chessable White Rose 2"]
[WhiteFideId "400270"]
[BlackFideId "421596"]
[EventDate "2023.11.11"]

1. d4 Nf6 2. Nf3 d5 3. c4 e6 4. cxd5 exd5 5. Nc3 c6 6. Qc2 g6 7. Bg5 Be7 8. e3
Bf5 9. Bd3 Bxd3 10. Qxd3 Nbd7 11. Bh6 Ng4 12. Bf4 O-O 13. O-O Re8 14. Rab1 a6
15. Rfc1 Nb6 16. h3 Nf6 17. Qd1 Bd6 18. Bxd6 Qxd6 19. Ne5 Nfd7 20. Nd3 Qe7 21.
Na4 Nxa4 22. Qxa4 Nb6 23. Qd1 Nc4 24. b3 Nd6 25. Ne5 Kg7 26. a4 f6 27. Nd3 h5
28. b4 Kh6 29. Nf4 Qf7 30. h4 Re7 31. Qf3 g5 32. Nxh5 gxh4 33. Nxf6 Kg6 34. Ng4
Qxf3 35. gxf3 Nc4 36. Kg2 Rf8 37. Rd1 Kh5 38. Rd3 Ref7 39. Nh2 Rg7+ 40. Kf1 h3
41. Ke2 Rg2 42. Rh1 Rfg8 43. Ng4 Kh4 44. Rdd1 a5 45. Rxh3+ 1-0

[Event "4NCL 2023-24"]
[Site "England ENG"]
[Date "2024.03.17"]
[Round "8.4"]
[Board "5"]
[White "Chan, Sheng Liang Bernard"]
[Black "Eggleston, David J"]
[Result "1/2-1/2"]
[BlackTitle "IM"]
[WhiteElo "2082"]
[BlackElo "2341"]
[WhiteTeam "Chessable White Rose 2"]
[BlackTeam "Cheddleton"]
[WhiteFideId "5712858"]
[BlackFideId "412120"]
[EventDate "2023.11.11"]

1. d4 Nf6 2. c4 e6 3. Nc3 Bb4 4. a3 Bxc3+ 5. bxc3 c5 6. f3 d5 7. cxd5 Nxd5 8.
dxc5 Qa5 9. e4 Ne7 10. Be3 O-O 11. Qb3 Qc7 12. Bb5 Nec6 13. Ne2 Na5 14. Qb4 e5
15. O-O Be6 16. Nd4 exd4 17. cxd4 Bd7 1/2-1/2

[Event "4NCL 2023-24"]
[Site "England ENG"]
[Date "2024.03.17"]
[Round "8.4"]
[Board "6"]
[White "Karas, Marek"]
[Black "Walton, Alan J"]
[Result "1-0"]
[WhiteTitle "FM"]
[BlackTitle "CM"]
[WhiteElo "2212"]
[BlackElo "2021"]
[WhiteTeam "Cheddleton"]
[BlackTeam "Chessable White Rose 2"]
[WhiteFideId "14928558"]
[BlackFideId "409898"]
[EventDate "2023.11.11"]

1. d4 d5 2. c4 e6 3. Nf3 Nf6 4. g3 c6 5. Bg2 Bd6 6. Nc3 O-O 7. O-O Nbd7 8. Nd2
h6 9. e4 dxe4 10. Ndxe4 Nxe4 11. Nxe4 Bc7 12. b3 Nf6 13. Bb2 Nxe4 14. Bxe4 Qe7
15. Re1 Bd7 16. Qh5 Qg5 17. Qxg5 hxg5 18. d5 Ba5 19. dxc6 Bxc6 20. Re2 Bxe4 21.
Rxe4 Rfd8 22. Re5 Rd2 23. Rxa5 Rxb2 24. Rd1 a6 25. Rxg5 Rxa2 26. Rd7 b6 27. Rg4
Rb2 28. Rf4 Rf8 29. Rf3 a5 30. Rb7 a4 31. bxa4 Rb4 32. Rf4 e5 33. Re4 Rc8 34.
Rxe5 Rxa4 35. Ree7 Rf8 36. Rec7 Rb4 37. Rc6 1-0

[Event "4NCL 2023-24"]
[Site "England ENG"]
[Date "2024.03.17"]
[Round "8.4"]
[Board "7"]
[White "Gayson, Peter M"]
[Black "Jarocka, Liwia"]
[Result "0-1"]
[WhiteTitle "FM"]
[BlackTitle "FM"]
[WhiteElo "2114"]
[BlackElo "2200"]
[WhiteTeam "Chessable White Rose 2"]
[BlackTeam "Cheddleton"]
[WhiteFideId "401838"]
[BlackFideId "21807558"]
[EventDate "2023.11.11"]

1. e4 c5 2. Nf3 Nc6 3. d4 cxd4 4. Nxd4 Nf6 5. Nc3 d6 6. f4 e5 7. Nf3 Be7 8. Bd3
Qb6 9. Qe2 O-O 10. Rb1 Nd4 11. Qf2 Nxf3+ 12. Qxf3 exf4 13. Bxf4 Be6 14. Be3 Qa5
15. O-O Ng4 16. Bd2 Bg5 17. Bxg5 Qxg5 18. Qf4 Qxf4 19. Rxf4 Ne5 20. Rd1 a6 21.
Rf2 Rfd8 22. Rfd2 Kf8 23. Be2 Ke7 24. Nd5+ Bxd5 25. Rxd5 Rac8 26. c3 f6 27. Kf2
Rc5 28. Rxc5 dxc5 29. Rxd8 Kxd8 30. b4 Kc7 31. Ke3 Kd6 32. h3 Nc6 33. a3 a5 34.
bxa5 Nxa5 35. Bb5 Ke5 36. g3 b6 37. Ba6 Nc6 38. Bb7 Na5 39. Ba6 g6 40. Kd3 Kd6
41. Bb5 Ke6 42. Ke3 Nb7 43. Bc4+ Ke5 44. Bg8 h6 45. Bh7 g5 46. Kd3 Nd6 47. c4 h5
48. h4 gxh4 49. gxh4 Kf4 50. Bg8 Nxe4 51. Bf7 Nd6 52. Bxh5 Kg3 53. Be2 Kxh4 54.
Ke3 Kg3 55. Bd3 f5 56. a4 f4+ 57. Ke2 Kg2 58. Ke1 Kf3 59. Kd2 Ne4+ 60. Kc2 Ke3
61. Bf1 f3 62. Bh3 Kd4 63. Bf1 Ng3 64. Bd3 f2 0-1

[Event "4NCL 2023-24"]
[Site "England ENG"]
[Date "2024.03.17"]
[Round "8.4"]
[Board "8"]
[White "Steil-Antoni, Fiona"]
[Black "Edwards-Wright, Miles D"]
[Result "1/2-1/2"]
[WhiteTitle "WIM"]
[WhiteElo "2154"]
[BlackElo "1942"]
[WhiteTeam "Cheddleton"]
[BlackTeam "Chessable White Rose 2"]
[WhiteFideId "4001249"]
[BlackFideId "424072"]
[EventDate "2023.11.11"]

1. e4 g6 2. d4 Bg7 3. Nc3 d6 4. f4 e6 5. Nf3 Ne7 6. Bd3 a6 7. Be3 d5 8. O-O dxe4
9. Bxe4 O-O 10. Ne2 Nd5 11. Bf2 c6 12. c3 Nd7 13. h3 Qc7 14. g3 N7b6 15. Kh2 Nc4
16. Qc1 Nd6 17. Bc2 a5 18. a4 b6 19. Ne5 f6 20. Nd3 Qd7 21. g4 Ba6 22. b3 Ne4
23. c4 Nxf2 24. Rxf2 Nc7 25. Qe3 Rae8 26. Rd1 Qe7 27. Ng3 b5 28. Nb2 bxc4 29.
bxc4 1/2-1/2

[Event "4NCL 2023-24"]
[Site "England ENG"]
[Date "2024.03.17"]
[Round "8.5"]
[Board "1"]
[White "Ledger, Andrew J"]
[Black "Rendle, Thomas E"]
[Result "1/2-1/2"]
[WhiteTitle "IM"]
[BlackTitle "IM"]
[WhiteElo "2334"]
[BlackElo "2378"]
[WhiteTeam "Blackthorne"]
[BlackTeam "The Sharks 1"]
[WhiteFideId "400610"]
[BlackFideId "408760"]
[EventDate "2023.11.11"]

1. Nf3 d5 2. g3 g6 3. Bg2 Bg7 4. d4 c6 5. O-O Nf6 6. Nbd2 O-O 7. c4 Bf5 8. b3 a5
9. Bb2 Na6 10. Rc1 Ne4 11. cxd5 cxd5 12. Ne5 Nf6 13. Nb1 Be4 14. Bh3 Bxb1 1/2-1/2

[Event "4NCL 2023-24"]
[Site "England ENG"]
[Date "2024.03.17"]
[Round "8.5"]
[Board "2"]
[White "Roberson, Peter T"]
[Black "Ansell, Simon T"]
[Result "1/2-1/2"]
[WhiteTitle "IM"]
[BlackTitle "IM"]
[WhiteElo "2424"]
[BlackElo "2331"]
[WhiteTeam "The Sharks 1"]
[BlackTeam "Blackthorne"]
[WhiteFideId "412384"]
[BlackFideId "402141"]
[EventDate "2023.11.11"]

1. e4 c5 2. Nf3 Nc6 3. Bb5 e6 4. O-O Nge7 5. d4 cxd4 6. Nxd4 Nxd4 7. Qxd4 a6 8.
Be2 Nc6 9. Qc3 b5 10. Bf4 Qf6 11. Qxf6 gxf6 12. a4 b4 13. Be3 Be7 14. Nd2 Na5
15. Rfc1 Bb7 16. Bb6 Bd8 17. Bxd8 Kxd8 18. c3 bxc3 19. Rxc3 Ke7 20. Rac1 Rhc8
21. f4 Rc6 22. Kf2 Rac8 23. Rxc6 Rxc6 24. Rxc6 Nxc6 25. Ke3 Kd6 26. Bh5 Nd8 27.
b4 Nc6 28. Nc4+ Kc7 29. b5 axb5 30. axb5 Nd8 31. g3 d6 32. Bd1 d5 33. exd5 Bxd5
34. Kd4 Bxc4 35. Kxc4 Kb6 36. Bf3 f5 37. Kb4 f6 38. Bd1 Nb7 39. Bb3 e5 40. fxe5
fxe5 41. Kc4 Na5+ 42. Kd5 Nxb3 43. Kxe5 Nd2 44. Kxf5 Nf1 45. Kg5 Nxh2 46. Kh6
Nf1 47. g4 Nh2 48. g5 Nf3 49. Kxh7 1/2-1/2

[Event "4NCL 2023-24"]
[Site "England ENG"]
[Date "2024.03.17"]
[Round "8.5"]
[Board "3"]
[White "Gormally, Daniel W"]
[Black "Makkar, Rajat"]
[Result "1-0"]
[WhiteTitle "GM"]
[BlackTitle "FM"]
[WhiteElo "2415"]
[BlackElo "2434"]
[WhiteTeam "Blackthorne"]
[BlackTeam "The Sharks 1"]
[WhiteFideId "406465"]
[BlackFideId "36016810"]
[EventDate "2023.11.11"]

1. d4 d5 2. c4 c6 3. Nf3 Nf6 4. Nc3 e6 5. g3 dxc4 6. Bg2 Nbd7 7. O-O b5 8. Ng5
Qb6 9. a4 b4 10. Nce4 Ba6 11. Nxf6+ gxf6 12. Nf3 Rc8 13. Re1 c5 14. d5 exd5 15.
Qxd5 Qe6 16. Qh5 Bb7 17. Bf4 Be4 18. Rad1 Bg6 19. Qh4 Be7 20. Bh3 Bf5 21. Bxf5
Qxf5 22. e4 Qe6 23. Qh5 Rg8 24. e5 f5 25. Rd6 1-0

[Event "4NCL 2023-24"]
[Site "England ENG"]
[Date "2024.03.17"]
[Round "8.5"]
[Board "4"]
[White "Slaby, Jerzy"]
[Black "Bates, Richard A"]
[Result "1/2-1/2"]
[WhiteTitle "IM"]
[BlackTitle "IM"]
[WhiteElo "2469"]
[BlackElo "2318"]
[WhiteTeam "The Sharks 1"]
[BlackTeam "Blackthorne"]
[WhiteFideId "1121405"]
[BlackFideId "403555"]
[EventDate "2023.11.11"]

1. e4 c5 2. Nf3 d6 3. c3 Nf6 4. Bd3 Nc6 5. h3 e5 6. O-O g5 7. Bc4 h6 8. d4 Qe7
9. d5 Nb8 10. Nbd2 a6 11. b4 cxb4 12. cxb4 Nh5 13. Nd4 exd4 14. Qxh5 Bg7 15. f4
Nd7 16. e5 gxf4 17. exd6 Qe3+ 18. Kh1 Nf6 19. Qh4 O-O 20. Rb1 Bf5 21. Rb3 d3 22.
Rxf4 Bg6 23. Rxf6 Bxf6 24. Qxf6 Qe1+ 25. Qf1 Qxf1+ 26. Nxf1 Rfc8 27. Ne3 b5 28.
d7 Rxc4 29. Nxc4 bxc4 30. Rc3 Rd8 31. Rxc4 Rxd7 32. Rd4 h5 33. d6 f6 34. a4 Kf7
35. b5 axb5 36. axb5 Ke6 37. Ba3 Ke5 38. Bc5 Be4 39. b6 f5 40. h4 Ke6 41. Kh2
Rg7 42. g3 Kd7 43. b7 Rg8 44. Ba7 Bxb7 45. Rxd3 Ra8 46. Ra3 1/2-1/2

[Event "4NCL 2023-24"]
[Site "England ENG"]
[Date "2024.03.17"]
[Round "8.5"]
[Board "5"]
[White "Ledger, Dave J"]
[Black "Moreby, James"]
[Result "0-1"]
[WhiteTitle "FM"]
[BlackTitle "FM"]
[WhiteElo "2207"]
[BlackElo "2260"]
[WhiteTeam "Blackthorne"]
[BlackTeam "The Sharks 1"]
[WhiteFideId "401986"]
[BlackFideId "427756"]
[EventDate "2023.11.11"]

1. e4 c5 2. Nf3 d6 3. d4 cxd4 4. Nxd4 Nf6 5. Nc3 a6 6. Be3 e5 7. Nb3 Be7 8. f3
Be6 9. Qd2 h5 10. Be2 Nbd7 11. a4 Rc8 12. a5 Qc7 13. O-O O-O 14. Rfc1 Qc6 15.
Rd1 Rfd8 16. Rac1 Bc4 17. Kh1 Nf8 18. Bb6 Rd7 19. Bxc4 Qxc4 20. Nd5 Nxd5 21.
Qxd5 Qxd5 22. Rxd5 Bg5 23. Nd2 Ng6 24. g3 Ne7 25. Rd3 Nc6 26. Rd1 Nb4 27. Rc3
Rxc3 28. bxc3 Bxd2 29. Rxd2 Nc6 30. c4 Ne7 31. Bc5 Nc8 32. Bb4 Kf8 33. c5 Ke7
34. cxd6+ Ke6 35. f4 g6 36. Kg2 Nxd6 37. Bxd6 Rxd6 38. Rf2 exf4 39. gxf4 Rc6 40.
f5+ Ke7 41. fxg6 fxg6 42. c3 Rc5 43. Rb2 Rb5 44. Ra2 Kf6 45. h4 Ke5 46. Kf3 Rc5
47. Ra3 Rc4 48. Rb3 Rxe4 49. Rxb7 Rxh4 50. Rb6 Rf4+ 51. Ke3 Rf6 52. Rb8 g5 53.
c4 h4 54. Re8+ Re6 55. Rh8 Rc6 56. Rg8 Kf5 57. Rf8+ Kg4 58. Kd4 Rh6 59. Kd5 h3
60. Rf1 h2 61. Rh1 Kh3 62. c5 Kg2 63. Rxh2+ Kxh2 64. c6 g4 0-1

[Event "4NCL 2023-24"]
[Site "England ENG"]
[Date "2024.03.17"]
[Round "8.5"]
[Board "6"]
[White "Garcia Martin, Marta"]
[Black "Varney, Zoe"]
[Result "1-0"]
[WhiteTitle "IM"]
[BlackTitle "WCM"]
[WhiteElo "2356"]
[BlackElo "2105"]
[WhiteTeam "The Sharks 1"]
[BlackTeam "Blackthorne"]
[WhiteFideId "32084030"]
[BlackFideId "436135"]
[EventDate "2023.11.11"]

1. e4 e5 2. Nf3 Nf6 3. Nxe5 d6 4. Nf3 Nxe4 5. d3 Nf6 6. d4 d5 7. Bd3 Bd6 8. Qe2+
Be6 9. Ng5 Qe7 10. Nxe6 Qxe6 11. Be3 Nbd7 12. Nc3 c6 13. h3 O-O 14. Qf3 Rfe8 15.
O-O Ne4 16. Rfe1 Ndf6 17. Ne2 Re7 18. g4 h6 19. Qg2 Rae8 20. Kf1 Qd7 21. Rad1 b5
22. Bc1 Bc7 23. f3 Nd6 24. b3 Ba5 25. c3 b4 26. c4 dxc4 27. bxc4 b3 28. axb3
Bxe1 29. Rxe1 Kf8 30. Bd2 Qb7 31. Rb1 c5 32. d5 g5 33. Qf2 Nxd5 34. cxd5 Qxd5
35. Nc1 c4 36. bxc4 Nxc4 37. Bb4 Nd6 38. Be2 Rc7 39. Nb3 Qe5 40. Rd1 Rc6 41. Na5
Rb6 42. Nc4 Qxe2+ 43. Qxe2 Rxb4 44. Nxd6 Rxe2 45. Kxe2 Rb2+ 46. Ke3 Rh2 47. Nf5
Ke8 48. Nxh6 Rxh3 49. Nf5 Rh2 50. Ra1 Kd7 51. Rxa7+ Ke6 52. Ra6+ Ke5 53. Nd6 f6
54. Nf7+ 1-0

[Event "4NCL 2023-24"]
[Site "England ENG"]
[Date "2024.03.17"]
[Round "8.5"]
[Board "7"]
[White "Eames, Robert S"]
[Black "Dong, Bao Nghia"]
[Result "1-0"]
[WhiteTitle "FM"]
[BlackTitle "FM"]
[WhiteElo "2148"]
[BlackElo "2314"]
[WhiteTeam "Blackthorne"]
[BlackTeam "The Sharks 1"]
[WhiteFideId "408743"]
[BlackFideId "12400343"]
[EventDate "2023.11.11"]

1. e4 c5 2. Nf3 d6 3. d4 cxd4 4. Nxd4 Nf6 5. Nc3 g6 6. Be3 Bg7 7. f3 O-O 8. Qd2
Nc6 9. O-O-O d5 10. Qe1 e5 11. Nxc6 bxc6 12. exd5 Nxd5 13. Bc4 Be6 14. Kb1 Rb8
15. Ne4 Qc7 16. Bc5 Rfd8 17. Bb3 Bf5 18. h4 a5 19. h5 Rb5 20. a4 Rb7 21. g4 Bxe4
22. fxe4 Nf4 23. Qh4 Rxd1+ 24. Rxd1 h6 25. hxg6 Nxg6 26. Qd8+ Qxd8 27. Rxd8+ Bf8
28. Ra8 Kg7 29. Rxa5 Kf6 30. Bxf8 Nxf8 31. Rc5 Nd7 32. Rxc6+ Kg5 33. Bxf7 Nf6
34. Be6 Ra7 35. Bf5 Rxa4 36. c4 h5 37. gxh5 Nxh5 38. b3 Rb4 39. Ka2 Ng3 40. Rg6+
Kf4 41. Rxg3 Kxg3 42. Ka3 Rb7 43. c5 Kf4 44. Ka4 Ke3 45. c6 Ra7+ 46. Kb5 Kd4 47.
b4 1-0

[Event "4NCL 2023-24"]
[Site "England ENG"]
[Date "2024.03.17"]
[Round "8.5"]
[Board "8"]
[White "Price, Gwilym"]
[Black "Ledger, Stephen C"]
[Result "1-0"]
[WhiteElo "2171"]
[BlackElo "2002"]
[WhiteTeam "The Sharks 1"]
[BlackTeam "Blackthorne"]
[WhiteFideId "443980"]
[BlackFideId "404470"]
[EventDate "2023.11.11"]

1. e4 c5 2. Nf3 Nc6 3. Nc3 e5 4. Bc4 Be7 5. d3 d6 6. O-O Nf6 7. Ng5 O-O 8. f4
exf4 9. Bxf4 Ne5 10. Bxe5 dxe5 11. Nd5 h6 12. Nf3 Nxd5 13. Bxd5 Qd6 14. Nd2 Bf6
15. Nc4 Qe7 16. Qh5 Rb8 17. a4 Bd7 18. Rf3 Be6 19. Bxe6 Qxe6 20. Qf5 Rfe8 21.
Raf1 Qxf5 22. Rxf5 Rbd8 23. g3 Rd7 24. h4 Re6 25. Kh2 Rc7 26. b3 Rcc6 27. Ne3 g6
28. R5f3 h5 29. Nd5 Kg7 30. Kh3 Rcd6 31. R1f2 Rc6 32. Rf1 Rcd6 33. g4 hxg4+ 34.
Kxg4 Rc6 35. R1f2 Rcd6 36. Nc7 Re7 37. Nd5 Ree6 38. Rf1 Rc6 39. h5 gxh5+ 40.
Kxh5 Rcd6 41. Rf5 Rc6 42. R1f3 Rcd6 43. Kg4 Rc6 44. Kh3 Rcd6 45. Kg2 Rc6 46. Kf1
b6 47. Ke2 a6 48. Rf1 b5 49. axb5 axb5 50. R5f3 Kg6 51. Rg1+ Bg5 52. Rf5 f6 53.
Nxf6 Rxf6 54. Rgxg5+ Kf7 55. Rxe5 c4 56. Rxb5 cxd3+ 57. cxd3 Rc2+ 58. Ke3 Rh6
59. Rb7+ Kf6 60. Rf5+ 1-0

[Event "4NCL 2023-24"]
[Site "England ENG"]
[Date "2024.03.17"]
[Round "8.6"]
[Board "1"]
[White "Kilpatrick, Callum"]
[Black "Bazakutsa, Svyatoslav"]
[Result "1/2-1/2"]
[WhiteTitle "IM"]
[BlackTitle "IM"]
[WhiteElo "2385"]
[BlackElo "2462"]
[WhiteTeam "Celtic Tigers 1"]
[BlackTeam "Wood Green Youth"]
[WhiteFideId "414425"]
[BlackFideId "14198525"]
[EventDate "2023.11.11"]

1. e4 c5 2. Nf3 Nc6 3. Bb5 d6 4. O-O Bd7 5. Re1 Nf6 6. h3 e6 7. c4 Be7 8. d4
cxd4 9. Nxd4 Nxd4 10. Qxd4 O-O 11. Nc3 a6 12. Bxd7 Nxd7 13. b3 Bf6 14. Qd2 b5
15. cxb5 axb5 16. Bb2 Qb6 17. Ne2 h6 18. Bxf6 Nxf6 19. Nf4 Ra3 20. Rac1 Rfa8 21.
Rc2 Qb7 22. Qxd6 Nxe4 23. Qb4 Nf6 24. Ree2 R3a7 25. Red2 Qe4 26. Qxe4 Nxe4 27.
Rd4 Nf6 28. Rdd2 g5 29. Nd3 Nd5 30. Nc1 Kg7 31. Rc5 b4 32. Rc4 f5 33. g3 Kf6 34.
Nd3 Rxa2 35. Rxa2 Rxa2 36. Nxb4 Ra1+ 37. Kg2 Ne7 38. Nc6 Nc8 39. Rc2 Rb1 40. b4
Nb6 41. Ra2 Nd5 42. Ra6 f4 43. Nd4 Re1 44. b5 fxg3 45. fxg3 Re4 46. Nc6 Nc7 47.
Rb6 Re2+ 48. Kf3 Rb2 49. Nd4 Ke5 50. Nc6+ Kd6 51. Na7+ Ke5 52. Nc6+ Kf6 53. Nd4
Ke5 1/2-1/2

[Event "4NCL 2023-24"]
[Site "England ENG"]
[Date "2024.03.17"]
[Round "8.6"]
[Board "2"]
[White "Royal, Shreyas"]
[Black "Pein, Malcolm"]
[Result "1-0"]
[WhiteTitle "IM"]
[BlackTitle "IM"]
[WhiteElo "2457"]
[BlackElo "2274"]
[WhiteTeam "Wood Green Youth"]
[BlackTeam "Celtic Tigers 1"]
[WhiteFideId "448869"]
[BlackFideId "400289"]
[EventDate "2023.11.11"]

1. d4 Nf6 2. c4 g6 3. Nc3 d5 4. cxd5 Nxd5 5. e4 Nxc3 6. bxc3 Bg7 7. Bc4 O-O 8.
Ne2 Nc6 9. O-O b6 10. Be3 Na5 11. Bd3 c5 12. Qd2 e5 13. Bg5 Qd7 14. Bh6 cxd4 15.
cxd4 exd4 16. Bxg7 Kxg7 17. f4 Nc6 18. e5 Qd5 19. Ng3 Bb7 20. f5 Nxe5 21. Be4
Qd7 22. f6+ Kh8 23. Qh6 Rg8 24. Rf4 Ng4 25. Qh3 Nxf6 26. Qxd7 Nxd7 27. Bxb7 Rad8
28. Rxd4 Nc5 29. Rxd8 Rxd8 30. Bf3 Rd2 31. Ne4 Nxe4 32. Bxe4 f5 33. Bc6 Kg7 34.
a4 Rc2 35. Bb5 Kf6 36. h3 h5 37. Rd1 Ra2 38. Rd6+ Ke5 39. Rxg6 a6 40. Bxa6 Rxa4
41. Rxb6 Kd5 1-0

[Event "4NCL 2023-24"]
[Site "England ENG"]
[Date "2024.03.17"]
[Round "8.6"]
[Board "3"]
[White "Pein, Jonathan"]
[Black "Durak, Can"]
[Result "1/2-1/2"]
[WhiteTitle "FM"]
[BlackTitle "FM"]
[WhiteElo "2235"]
[BlackElo "2450"]
[WhiteTeam "Celtic Tigers 1"]
[BlackTeam "Wood Green Youth"]
[WhiteFideId "417092"]
[BlackFideId "44552971"]
[EventDate "2023.11.11"]

1. e4 c5 2. Nf3 d6 3. d4 cxd4 4. Nxd4 Nf6 5. Nc3 Nc6 6. Bg5 e6 7. Qd3 a6 8. Nxc6
bxc6 9. O-O-O Qa5 10. Qg3 Rb8 11. Bc4 h6 12. Bd2 Qc7 13. Rhe1 e5 14. f4 Bg4 15.
Ne2 Qb7 16. Bc3 Be6 17. Bxe6 Nxe4 18. Qf3 Nxc3 19. Qxc3 fxe6 20. fxe5 d5 21. Nd4
Kd7 22. Rf1 c5 23. Rf7+ Be7 24. Qxc5 Ke8 25. Rxe7+ Qxe7 26. Qxe7+ Kxe7 27. Nc6+
Kf7 28. Nxb8 Rxb8 29. c3 Kg6 30. Rf1 Rc8 31. Kd2 Rc4 32. Rf8 Re4 33. b4 Rxe5 34.
a4 Rh5 35. h3 Rh4 36. b5 Rxa4 37. b6 Ra2+ 38. Kc1 Ra1+ 39. Kc2 Ra2+ 40. Kc1 Ra1+ 1/2-1/2